American politics and society /
Uložené v:
| Hlavný autor: | |
|---|---|
| Médium: | Kniha |
| Jazyk: | English |
| Vydané: |
Edmonton :
Wile& Blackwell,
2018.
|
| Vydanie: | Ninth edition |
| Témy: | |
| ISBN: |
9781119167532 (brož.) |
| Fyzický popis: |
xxii, 496 strán : fotografie, grafy, schémy ; 25 cm. |
| Tagy: |
Pridať tag
Žiadne tagy, Buďte prvý kto otaguje tento záznam!
|
Titul je dostupný aj v ... 

MARC
| LEADER | 00000nam a22000004a 4500 | ||
|---|---|---|---|
| 001 | 000601310 | ||
| 005 | 20190110133557.0 | ||
| 008 | 181128s2018 xxudlo e 001 0 eng d | ||
| 020 | |a 9781119167532 (brož.) | ||
| 040 | |a SVKKK |b slo |c SVKKK |e AACR2 | ||
| 041 | 0 | |a eng | |
| 043 | |a n-us--- | ||
| 044 | |a xxu |c US | ||
| 072 | 7 | |a 32 |x Politika |2 konspekt | |
| 080 | |a 342.5 |2 2011 | ||
| 080 | |a 328/329 |2 2011 | ||
| 080 | |a 323 |2 2011 | ||
| 080 | |a (73) |2 2011 | ||
| 080 | |a (075) |2 2011 | ||
| 100 | 1 | |a McKay, David H. |4 aut | |
| 245 | 1 | 0 | |a American politics and society / |c David McKay. |
| 250 | |a Ninth edition | ||
| 260 | |a Edmonton : |b Wile& Blackwell, |c 2018. | ||
| 300 | |a xxii, 496 strán : |b fotografie, grafy, schémy ; |c 25 cm. | ||
| 500 | |a Slovník | ||
| 504 | |a Register: s. [480]-496 | ||
| 650 | 0 | 7 | |a politický systém |2 SVKKKPH |
| 650 | 0 | 7 | |a political system |2 SVKKKPHeng |
| 651 | 7 | |a Spojené štáty americké |x politika a vláda |2 SVKKKPH | |
| 651 | 7 | |a Spojené štáty americké |x spoločnosť a politika |2 SVKKKPH | |
| 651 | 7 | |a United States |x politics and government |2 SVKKKPHeng | |
| 651 | 7 | |a United States |x society and politics |2 SVKKKPHeng | |
| 655 | 7 | |a učebnice |2 SVKKKPH | |
| 655 | 7 | |a textbooks |2 SVKKKPHeng | |
| 910 | |a svkkk | ||
| 919 | |a 978-1-119-16753-2 | ||
| 998 | |a BK | ||
| 090 | |g SCKUS |k Americké centrum |a IV.233938 |j 1093595 |i 2720587985 |s Voľný výber | ||